000 00689nam a2200289Ia 4500
005 20260324123841.0
008 008 260324s9999 xx 000 0 eng d
020 _a9781003447504
037 _aEBOOK
040 _aCRL
040 _beng
040 _cCRL
041 _2eng
041 _aeng
084 _qCRL
100 _aKathryn M. Plank; James Rhem
_91171890
245 0 _aTeam Teaching
245 0 _bAcross the Disciplines, Across the Academy
260 _bTaylor and Francis
260 _c2011
365 _a
365 _b230
856 _uhttp://www.taylorfrancis.com/books/9781003447504
942 _cEBOOK
999 _c1765758
_d1765758